ბათუმის შოთა რუსთაველის სახელმწიფო უნივერსიტეტის ბიბლიოთეკა

კრებული-1986:ლირიკა-1985,ლირიკა-1984,ლირიკა-1983 (ბიბ.ჩანაწერი № 42409)

000 -LEADER
fixed length control field 00849nam a2200229Ia 4500
001 - CONTROL NUMBER
control field 9105
003 - CONTROL NUMBER IDENTIFIER
control field GE_BSU
008 - FIXED-LENGTH DATA ELEMENTS--GENERAL INFORMATION
fixed length control field 181216s||||||||xx |||||||||||||| ||und||
040 ## - CATALOGING SOURCE
Transcribing agency GE_BSU
080 ## - UNIVERSAL DECIMAL CLASSIFICATION NUMBER
Universal Decimal Classification number 821.353.1-1
100 ## - MAIN ENTRY--PERSONAL NAME
Personal name ლებანიძე,მურმან
245 ## - TITLE STATEMENT
Title კრებული-1986:ლირიკა-1985,ლირიკა-1984,ლირიკა-1983
245 ## - TITLE STATEMENT
Remainder of title ძველი რვეულიდან ახალი თარგმანები
245 ## - TITLE STATEMENT
Statement of responsibility, etc. რედ.ნინო ახალკაცი,მხატვ, ჯ.ზეინაშვილი
260 ## - PUBLICATION, DISTRIBUTION, ETC.
Place of publication, distribution, etc. თბილისი
260 ## - PUBLICATION, DISTRIBUTION, ETC.
Name of publisher, distributor, etc. მერანი
260 ## - PUBLICATION, DISTRIBUTION, ETC.
Date of publication, distribution, etc. 1986
300 ## - PHYSICAL DESCRIPTION
Extent 190გვ.14სმ.
300 ## - PHYSICAL DESCRIPTION
Accompanying material პორტრეტი გარეკანზე
653 ## - INDEX TERM--UNCONTROLLED
Uncontrolled term კრებული
942 ## - ADDED ENTRY ELEMENTS (KOHA)
Koha item type წიგნი
ეგზემპლარები
Withdrawn status Lost status Damaged status Not for loan Date acquired Barcode Date last seen Price effective from Koha item type
        2018-12-17 31766 2018-12-17 2018-12-17 წიგნი
        2018-12-17 31767 2018-12-17 2018-12-17 წიგნი
        2018-12-17 31768 2018-12-17 2018-12-17 წიგნი